| 000 | 00469 a2200181 4500 | ||
|---|---|---|---|
| 005 | 20250613092106.0 | ||
| 020 | _a978-0-07-281836-9 | ||
| 082 | _a658.15 BLO | ||
| 100 | _aBLOCHER, E | ||
| 245 | _aCost Management: A Strategic Emphasis | ||
| 250 | _a3rd Ed. | ||
| 260 |
_aBoston _bMcGraw-Hill Irwin _c2005. |
||
| 300 |
_axxiii, 930p. _bGlossary and Index _c28 cm |
||
| 700 | _aKung H. Chen, | ||
| 700 | _aGary Cokins | ||
| 700 | _aThomas W. Lin | ||
| 942 |
_2ddc _cBKS |
||
| 999 |
_c3678 _d3678 |
||